[Event "October TNT"]
[Site "Winnipeg CAN"]
[Date "2006.10.24"]
[Round "4"]
[White "Adol, Deng"]
[Black "Kwiatek, Jordan"]
[Result "0-1"]
[WhiteElo "1722"]
[BlackElo "1848"]
[PlyCount "60"]
[EventDate "2006.10.03"]
[EventType "swiss"]
[EventRounds "4"]
[EventCountry "CAN"]

1. e4 c5 2. d4 cxd4 3. Qxd4 Nc6 4. Qe3 g6 5. Bd2 Bg7 6. Nc3 Nf6 7. Be2 d6 8. h3
O-O 9. O-O-O Be6 10. f4 d5 11. exd5 Nxd5 12. Qf3 Qb6 13. Na4 Qd4 14. Qa3 Nxf4
15. Bf3 Rfd8 16. g3 Nd5 17. Ne2 Qc4 18. Nec3 Ncb4 19. Rhe1 Rac8 20. Re4 Nxc3
21. Rxc4 Ncxa2+ 22. Kb1 Rxc4 23. Bxb4 Rxd1+ 24. Bxd1 Nxb4 25. Nc5 Rd4 26. Bf3
Bf5 27. Nd3 Nxd3 28. cxd3 Rxd3 29. Qxd3 Bxd3+ 30. Ka2 b5 0-1

[Event "October TNT"]
[Site "Winnipeg CAN"]
[Date "2006.10.24"]
[Round "4"]
[White "Booth, Kevin"]
[Black "Prince, Colin"]
[Result "1-0"]
[WhiteElo "1596"]
[BlackElo "1822"]
[PlyCount "35"]
[EventDate "2006.10.03"]
[EventType "swiss"]
[EventRounds "4"]
[EventCountry "CAN"]

1. d4 Nf6 2. c4 g6 3. Nc3 Bg7 4. Nf3 d6 5. Bg5 h6 6. Bh4 Na6 7. e3 c5 8. Be2
O-O 9. O-O Nc7 10. Qb3 Qe8 11. Rfd1 g5 12. Bg3 Nh5 13. dxc5 Nxg3 14. hxg3 dxc5
15. Rd2 Bd7 16. Qxb7 Rc8 17. Qxa7 Ne6 18. Qxd7 1-0

[Event "October TNT"]
[Site "Winnipeg CAN"]
[Date "2006.10.24"]
[Round "4"]
[White "Goodman, Clifford"]
[Black "Babb, Jeff"]
[Result "0-1"]
[WhiteElo "1398"]
[BlackElo "2131"]
[PlyCount "59"]
[EventDate "2006.10.03"]
[EventType "swiss"]
[EventRounds "4"]
[EventCountry "CAN"]

1. e4 e5 2. Nf3 Nc6 3. Nc3 Nf6 4. Bb5 Bb4 5. d3 Nd4 6. Bc4 d6 7. h3 O-O 8. O-O
c6 9. Nxd4 exd4 10. Ne2 b5 11. Bb3 Bc5 12. Bg5 h6 13. Bh4 g5 14. Bg3 a5 15. a3
a4 16. Ba2 Be6 17. Bxe6 fxe6 18. Qd2 e5 19. h4 Nh5 20. hxg5 hxg5 21. Bh2 Rf7
22. Ng3 Nf4 23. Nf5 Rh7 24. Bxf4 gxf4 25. Qe2 Qg5 26. f3 Kf7 27. Kf2 Rg8 28.
Rg1 Rh2 29. Kf1 Ke6 30. c3 0-1

[Event "October TNT"]
[Site "Winnipeg CAN"]
[Date "2006.10.24"]
[Round "4"]
[White "Khedkar, Jay"]
[Black "Rutter, Blair"]
[Result "0-1"]
[WhiteElo "1814"]
[BlackElo "1808"]
[PlyCount "104"]
[EventDate "2006.10.03"]
[EventType "swiss"]
[EventRounds "4"]
[EventCountry "CAN"]

1. d4 e6 2. e4 d5 3. Nd2 Nf6 4. e5 Nfd7 5. Bd3 c5 6. c3 Nc6 7. Ne2 cxd4 8. cxd4
Be7 9. O-O Qb6 10. Nf3 O-O 11. a3 f5 12. b4 Rf7 13. Bg5 Qd8 14. Qd2 Nb6 15.
Rac1 Bd7 16. b5 Nb8 17. Bxe7 Qxe7 18. Rc7 Qxa3 19. Rxb7 Be8 20. Rxf7 Bxf7 21.
Rc1 N8d7 22. Rc3 Qa4 23. Qc2 h6 24. Qxa4 Nxa4 25. Rc6 Nb2 26. Bxf5 exf5 27. e6
Be8 28. exd7 Bxd7 29. Rc5 Rb8 30. Nc3 Be6 31. Ne5 Rb7 32. Nxd5 Na4 33. Nc3 Nxc3
34. Rxc3 Rxb5 35. Kf1 Rb6 36. Nc6 a6 37. d5 Bd7 38. Ke2 Kf7 39. Ke3 g5 40. Kd4
Rb5 41. Ke5 f4 42. Kd6 Be8 43. Ne5+ Kf6 44. Rc8 Bh5 45. Nd7+ Kf5 46. Kc6 Rb2
47. Nc5 Be2 48. d6 Rd2 49. Rf8+ Kg6 50. Nxa6 Bxa6 51. d7 Bb5+ 52. Kxb5 Rxd7 0-1

[Event "October TNT"]
[Site "Winnipeg CAN"]
[Date "2006.10.24"]
[Round "4"]
[White "Kohalmi, Andy"]
[Black "Green, Aaron"]
[Result "1-0"]
[WhiteElo "1683"]
[BlackElo "1343"]
[PlyCount "49"]
[EventDate "2006.10.03"]
[EventType "swiss"]
[EventRounds "4"]
[EventCountry "CAN"]

1. d4 Nf6 2. Nf3 g6 3. c4 Bg7 4. Nc3 O-O 5. e4 d6 6. Be2 Nbd7 7. O-O e5 8. Bg5
h6 9. Bc1 Ne8 10. dxe5 dxe5 11. Qc2 Kh7 12. Rd1 f5 13. exf5 gxf5 14. Qd2 c6 15.
c5 Qe7 16. b4 a5 17. Ba3 b6 18. b5 cxb5 19. Bxb5 Nxc5 20. Nd5 Qb7 21. Rac1 Ne4
22. Qe3 Rh8 23. Bc6 Qa7 24. Bxa8 Qxa8 25. Qxb6 1-0

[Event "October TNT"]
[Site "Winnipeg CAN"]
[Date "2006.10.24"]
[Round "4"]
[White "Nguyen, Huy"]
[Black "Reimer, Bruce"]
[Result "1-0"]
[WhiteElo "1713"]
[BlackElo "1499"]
[PlyCount "67"]
[EventDate "2006.10.03"]
[EventType "swiss"]
[EventRounds "4"]
[EventCountry "CAN"]

1. c4 e5 2. Nc3 f5 3. Nf3 Nc6 4. e3 Nf6 5. d4 e4 6. Nd2 Bb4 7. Rb1 O-O 8. Be2
Bxc3 9. bxc3 Qe8 10. Ba3 d6 11. g3 f4 12. gxf4 Qg6 13. Nf1 h5 14. Rb5 Qg2 15.
Ng3 h4 16. Bf1 Qf3 17. Qxf3 exf3 18. Nh5 Ne4 19. Rg1 Rf7 20. Bb2 a6 21. Rb3 Na5
22. Ra3 b6 23. c5 Be6 24. Bd3 Bd5 25. Rxa5 bxa5 26. c4 Nxf2 27. Kxf2 Rb8 28.
Bc3 Ba8 29. d5 dxc5 30. Nxg7 Kf8 31. Ne6+ Ke7 32. Bg6 c6 33. Bxf7 Kxf7 34. Rg7+
1-0

[Event "October TNT"]
[Site "Winnipeg CAN"]
[Date "2006.10.24"]
[Round "4"]
[White "Pang, Michael"]
[Black "Crawford, Gary"]
[Result "0-1"]
[WhiteElo "1255"]
[BlackElo "1290"]
[PlyCount "46"]
[EventDate "2006.10.03"]
[EventType "swiss"]
[EventRounds "4"]
[EventCountry "CAN"]

1. d4 Nf6 2. c4 g6 3. Nc3 Bg7 4. e4 d6 5. Bg5 h6 6. Bh4 O-O 7. Qd2 c5 8. d5
Nbd7 9. O-O-O a6 10. h3 b5 11. cxb5 axb5 12. Bxb5 Ba6 13. Bxa6 Rxa6 14. g4 g5
15. Bg3 Qb6 16. f3 Rb8 17. h4 Nh7 18. Qh2 Bxc3 19. hxg5 Bxb2+ 20. Kc2 Rxa2 21.
Kb1 Bf6+ 22. Kc1 Bxg5+ 23. Rd2 Qb1# 0-1

[Event "October TNT"]
[Site "Winnipeg CAN"]
[Date "2006.10.24"]
[Round "4"]
[White "Pottinger, Carl"]
[Black "Clark, Jeff"]
[Result "1-0"]
[WhiteElo "1711"]
[BlackElo "1756"]
[PlyCount "100"]
[EventDate "2006.10.03"]
[EventType "swiss"]
[EventRounds "4"]
[EventCountry "CAN"]

1. c4 Nf6 2. g3 e6 3. Bg2 d5 4. cxd5 exd5 5. d4 Be7 6. Nf3 O-O 7. O-O Nbd7 8.
Nc3 Re8 9. Ne5 Nf8 10. Qb3 Ne6 11. e3 c6 12. Bd2 Qb6 13. Na4 Qxb3 14. axb3 Nd7
15. Nd3 b5 16. Nc3 Bb7 17. b4 Nb6 18. b3 Nd7 19. Ra2 Bd8 20. Rfa1 a6 21. h4 Bc7
22. Bh3 Re7 23. Ne2 Rae8 24. Nc5 Nexc5 25. bxc5 Nf6 26. Bg2 Ne4 27. Be1 Ra8 28.
Ba5 Bxa5 29. Rxa5 Nd2 30. b4 Nc4 31. R5a2 Bc8 32. Nc1 f5 33. Bh3 g6 34. Bf1 Kf7
35. Kg2 Kf6 36. Nb3 Rea7 37. Na5 Bd7 38. Be2 h6 39. Nb3 Be8 40. Nc1 g5 41.
hxg5+ hxg5 42. Bd3 Bh5 43. Nb3 Bg6 44. Be2 g4 45. Nc1 f4 46. gxf4 Be4+ 47. Kg3
Rh8 48. Bxg4 Rg7 49. Rxa6 Rxg4+ 50. Kxg4 Rg8+ 1-0

[Event "October TNT"]
[Site "Winnipeg CAN"]
[Date "2006.10.24"]
[Round "4"]
[White "Silva, T Romeo"]
[Black "Essery, Richard"]
[Result "0-1"]
[WhiteElo "1794"]
[BlackElo "1543"]
[PlyCount "78"]
[EventDate "2006.10.03"]
[EventType "swiss"]
[EventRounds "4"]
[EventCountry "CAN"]

1. d4 e6 2. c4 b6 3. a3 Bb7 4. Nc3 Nf6 5. Bg5 Be7 6. e3 O-O 7. Nf3 d6 8. Be2
Nbd7 9. O-O Re8 10. Rc1 c6 11. Bd3 d5 12. Ne2 dxc4 13. Bxc4 c5 14. Ng3 cxd4 15.
Nxd4 Nd5 16. Bxe7 Qxe7 17. Bb5 Rec8 18. Bd3 Rxc1 19. Qxc1 Rc8 20. Qd1 h6 21.
Qh5 N5f6 22. Qh4 Qd6 23. Rd1 Qd5 24. Nf3 Qb3 25. Be2 Qxb2 26. Qa4 Nc5 27. Qxa7
Ra8 28. Qxa8+ Bxa8 29. Rd8+ Kh7 30. Rxa8 g6 31. h4 Nce4 32. Nxe4 Nxe4 33. Bd3
Qxf2+ 34. Kh2 Nf6 35. Ra7 Ng4+ 36. Kh3 Nxe3 37. Rxf7+ Kg8 38. h5 Qxg2+ 39. Kh4
Qg4# 0-1

[Event "October TNT"]
[Site "Winnipeg CAN"]
[Date "2006.10.24"]
[Round "4"]
[White "Van Wyk, Joseph"]
[Black "Cleto, Sam"]
[Result "0-1"]
[WhiteElo "1833"]
[BlackElo "1780"]
[PlyCount "72"]
[EventDate "2006.10.03"]
[EventType "swiss"]
[EventRounds "4"]
[EventCountry "CAN"]

1. e4 c5 2. c3 g6 3. d4 cxd4 4. cxd4 Bg7 5. Nc3 a6 6. Nf3 d6 7. Be3 Nf6 8. Bc4
O-O 9. a4 Ng4 10. Bg5 h6 11. Bh4 g5 12. Bg3 Qb6 13. Nd5 Qd8 14. h4 e6 15. Nc3
d5 16. exd5 exd5 17. Bxd5 Re8+ 18. Kf1 Nf6 19. Qb3 Nxd5 20. Qxd5 g4 21. Ne5 Be6
22. Qxb7 Nd7 23. Nxd7 Bxd7 24. Rd1 Qe7 25. Qb6 Bxa4 26. b3 Bb5+ 27. Kg1 Qb4 28.
Nxb5 axb5 29. Rd3 Re1+ 30. Kh2 Rxh1+ 31. Kxh1 Qe1+ 32. Kh2 Ra1 33. Qb8+ Kh7 34.
Be5 Qxf2 35. Bxg7 Qxh4+ 36. Rh3 gxh3 0-1

[Event "Olympiade"]
[Site "Charlesbourg CAN"]
[Date "2006.10.09"]
[Round "1"]
[White "Plante, Rejean"]
[Black "Caron, Sebastien"]
[Result "1/2-1/2"]
[WhiteElo "2181"]
[BlackElo "1910"]
[PlyCount "92"]
[EventDate "2006.10.09"]
[EventType "team"]
[EventRounds "6"]
[EventCountry "CAN"]

1. c4 Nf6 2. Nc3 d5 3. d4 e6 4. Bg5 Be7 5. Nf3 c6 6. e3 Nbd7 7. Qc2 Qa5 8. cxd5
exd5 9. Bd3 Bd6 10. O-O O-O 11. a3 a6 12. Rac1 h6 13. Bh4 g5 14. Bg3 Bxg3 15.
hxg3 Re8 16. Bf5 Qd8 17. g4 Kg7 18. Rfe1 Nf8 19. Ne5 Bxf5 20. Qxf5 Qc8 21. Qf3
Ng6 22. Qg3 Nxe5 23. dxe5 Ne4 24. Nxe4 dxe4 25. Rc4 Qd7 26. Rd4 Qe6 27. Rxe4
Qd5 28. f3 Re6 29. Qf2 Rxe5 30. Rd4 Qe6 31. Qd2 Rd5 32. e4 Re8 33. exd5 Qxe1+
34. Qxe1 Rxe1+ 35. Kf2 Re5 36. dxc6 bxc6 37. Rc4 c5 38. Rc3 Kf6 39. b3 Ke6 40.
Re3 Rxe3 41. Kxe3 f5 42. Kd3 fxg4 43. fxg4 Ke5 44. Kc4 Kd6 45. a4 Kc6 46. a5
Kd6 1/2-1/2

[Event "Olympiade"]
[Site "Charlesbourg CAN"]
[Date "2006.10.16"]
[Round "2"]
[White "Bourassa, Samuel"]
[Black "Cournoyer, Dominic"]
[Result "1-0"]
[WhiteElo "1749"]
[BlackElo "1768"]
[PlyCount "55"]
[EventDate "2006.10.09"]
[EventType "team"]
[EventRounds "6"]
[EventCountry "CAN"]

1. e4 c6 2. d4 d5 3. e5 Bf5 4. Nc3 e6 5. g4 Bg6 6. h4 h6 7. Bd3 Bxd3 8. Qxd3
Nd7 9. Nce2 c5 10. c3 cxd4 11. cxd4 Ne7 12. Ng3 Nc6 13. a3 Qb6 14. Nf3 Na5 15.
O-O Qb3 16. Qe2 Be7 17. Bd2 Nc4 18. Bc3 Ndb6 19. Rfc1 Na4 20. Rab1 O-O 21. g5
hxg5 22. hxg5 g6 23. Nh5 gxh5 24. Nd2 Nxd2 25. Qxh5 Nf3+ 26. Kg2 Nxg5 27. Rh1
f5 28. Qg6# 1-0

[Event "Olympiade"]
[Site "Charlesbourg CAN"]
[Date "2006.10.23"]
[Round "3"]
[White "Cournoyer, Dominic"]
[Black "Monga, Alain"]
[Result "1-0"]
[WhiteElo "1768"]
[BlackElo "1661"]
[PlyCount "139"]
[EventDate "2006.10.09"]
[EventType "team"]
[EventRounds "6"]
[EventCountry "CAN"]

1. e3 e5 2. c4 Nf6 3. Nc3 d5 4. cxd5 Nxd5 5. Bc4 Nb6 6. Bb3 Nc6 7. Qf3 f5 8. a3
a6 9. Nge2 Qf6 10. Ng3 Be6 11. Bxe6 Qxe6 12. Qxf5 Qxf5 13. Nxf5 O-O-O 14. Ke2
g6 15. Ng3 Be7 16. d3 Rhf8 17. Nge4 Rf7 18. Rb1 Bf8 19. b4 Nd5 20. Nxd5 Rxd5
21. Rb3 h6 22. Bb2 Bg7 23. Rc1 Ne7 24. Rbc3 Nf5 25. Rc5 Rxc5 26. Rxc5 Re7 27.
g4 Nh4 28. Nd2 c6 29. Nc4 e4 30. Bxg7 exd3+ 31. Kxd3 Rxg7 32. Re5 Nf3 33. Re4
Nxh2 34. Ke2 Rg8 35. f3 Rf8 36. Rf4 Rd8 37. Rf6 h5 38. gxh5 gxh5 39. Rh6 Rf8
40. Nd2 Rf5 41. e4 Rg5 42. Kf2 a5 43. Rh8+ Kc7 44. f4 Ng4+ 45. Kf3 Nh2+ 46. Ke2
Rg2+ 47. Kd1 axb4 48. axb4 Rg1+ 49. Ke2 Rg2+ 50. Kd3 Rg3+ 51. Kd4 Rg2 52. Nc4
h4 53. Rh7+ Kb8 54. Ne5 Rb2 55. Kc3 Re2 56. Rxh4 Nf3 57. Nxf3 Re3+ 58. Kd4 Rxf3
59. f5 Kc7 60. Rh7+ Kb6 61. Rf7 Rb3 62. Kc4 Re3 63. Re7 Ka6 64. f6 Re1 65. f7
Rc1+ 66. Kd3 Rf1 67. Ke2 Rf6 68. e5 Rf5 69. e6 Kb5 70. Re8 1-0

[Event "Olympiade"]
[Site "Charlesbourg CAN"]
[Date "2006.10.23"]
[Round "3"]
[White "Fecteau, Martin"]
[Black "Caron, Sebastien"]
[Result "1-0"]
[WhiteElo "2024"]
[BlackElo "1910"]
[PlyCount "89"]
[EventDate "2006.10.09"]
[EventType "team"]
[EventRounds "6"]
[EventCountry "CAN"]

1. d4 Nf6 2. c4 c5 3. d5 e6 4. Nc3 exd5 5. cxd5 d6 6. e4 g6 7. h3 a6 8. a4 Bg7
9. Nf3 Nbd7 10. Bd3 O-O 11. O-O Ne8 12. Bf4 f6 13. Nd2 Ne5 14. Be2 Nc7 15. Bg3
Nf7 16. Nc4 Ne5 17. Nb6 Rb8 18. a5 Qe7 19. Qc2 Bd7 20. f4 Nf7 21. Nxd7 Qxd7 22.
Bg4 Qe7 23. Na4 Rbe8 24. Rae1 h5 25. Bd1 Nb5 26. Qd3 Nh8 27. Nb6 Nc7 28. Nc4
Qd7 29. f5 gxf5 30. Rxf5 Nf7 31. Bxh5 Nb5 32. Rff1 Rd8 33. Bh4 Qe7 34. Qg3 Ne5
35. Nxe5 Qxe5 36. Qg4 f5 37. Qg6 Qd4+ 38. Kh1 Rc8 39. Rxf5 Rxf5 40. Qxf5 Rf8
41. Qg6 Kh8 42. Bg4 Qe5 43. Bf5 Kg8 44. Qh7+ Kf7 45. Bg6# 1-0

[Event "Olympiade"]
[Site "Charlesbourg CAN"]
[Date "2006.10.23"]
[Round "3"]
[White "Gagnon, Francois"]
[Black "Bourassa, Samuel"]
[Result "1/2-1/2"]
[WhiteElo "1730"]
[BlackElo "1749"]
[PlyCount "66"]
[EventDate "2006.10.09"]
[EventType "team"]
[EventRounds "6"]
[EventCountry "CAN"]

1. e4 c5 2. Nf3 d6 3. d4 cxd4 4. Nxd4 Nf6 5. Nc3 g6 6. Be3 Bg7 7. f3 Nc6 8. Bc4
Bd7 9. Qd2 Rc8 10. Bb3 O-O 11. h4 Ne5 12. O-O-O Qa5 13. h5 Nc4 14. Bxc4 Rxc4
15. hxg6 fxg6 16. Nb3 Qc7 17. Bh6 b5 18. Bxg7 Kxg7 19. Nd5 Nxd5 20. Qh6+ Kf7
21. Qxh7+ Kf6 22. Rxd5 Rxc2+ 23. Kb1 a5 24. Qh4+ Kf7 25. Qh7+ Kf6 26. e5+ dxe5
27. Rxd7 Qxd7 28. Kxc2 Rc8+ 29. Kb1 Qd3+ 30. Ka1 a4 31. Qh4+ Kf7 32. Nc1 Qc2
33. Qg5 a3 1/2-1/2

[Event "Olympiade"]
[Site "Charlesbourg CAN"]
[Date "2006.10.23"]
[Round "3"]
[White "Laflamme, Simon"]
[Black "Lapierre, Gaetan"]
[Result "0-1"]
[WhiteElo "1931"]
[BlackElo "1890"]
[PlyCount "48"]
[EventDate "2006.10.09"]
[EventType "team"]
[EventRounds "6"]
[EventCountry "CAN"]

1. d4 Nf6 2. Nc3 d5 3. Bg5 Nbd7 4. e3 h6 5. Bh4 a6 6. f4 b5 7. Nf3 Bb7 8. Bd3
c5 9. dxc5 Nxc5 10. Bxf6 Nxd3+ 11. Qxd3 gxf6 12. O-O-O e6 13. f5 b4 14. Ne2 e5
15. e4 dxe4 16. Qb3 Qc7 17. Nd2 Rc8 18. Kb1 e3 19. Qxe3 Qxc2+ 20. Ka1 Bc5 21.
Qg3 Ke7 22. Rhe1 Rhd8 23. Qb3 Rxd2 24. Rxd2 Qxd2 0-1

[Event "Olympiade"]
[Site "Charlesbourg CAN"]
[Date "2006.10.23"]
[Round "3"]
[White "Lessard, Claude"]
[Black "Plante, Rejean"]
[Result "0-1"]
[WhiteElo "1973"]
[BlackElo "2181"]
[PlyCount "86"]
[EventDate "2006.10.09"]
[EventType "team"]
[EventRounds "6"]
[EventCountry "CAN"]

1. d4 d5 2. c4 e6 3. Nf3 Nf6 4. a3 dxc4 5. Qa4+ Nbd7 6. Qxc4 c5 7. g3 a6 8.
dxc5 Bxc5 9. b4 b5 10. Qb3 Be7 11. Bg2 Bb7 12. O-O Bd5 13. Qd1 Rc8 14. Bb2 O-O
15. Nc3 Bb7 16. Qb3 Nb6 17. Rad1 Qc7 18. Bh3 Nc4 19. Ba1 Nd7 20. Nd4 Bf6 21. e4
Bxd4 22. Rxd4 Nde5 23. Bg2 Rfd8 24. Rfd1 Rxd4 25. Rxd4 Qb6 26. Ne2 Ng4 27. Qf3
Nge5 28. Qh5 Ng6 29. h4 Nxa3 30. Rd7 Nc2 31. Bb2 Qc6 32. Rd2 Nxb4 33. Qg4 h5
34. Qxh5 Qc5 35. Rd8+ Nf8 36. Qg4 g6 37. Qf4 Nc6 38. Rxc8 Bxc8 39. Qc7 Bd7 40.
Nd4 Qb4 41. Nxc6 Qxb2 42. Ne5 Qd4 43. Ng4 Qd1+ 0-1

[Event "Ontario op"]
[Site "Richmond Hill CAN"]
[Date "2006.05.20"]
[Round "2"]
[White "Shah, Omar"]
[Black "Pimentel, Sheldon"]
[Result "1-0"]
[WhiteElo "1864"]
[BlackElo "1957"]
[PlyCount "53"]
[EventDate "2006.05.20"]
[EventType "swiss"]
[EventRounds "6"]
[EventCountry "CAN"]

1. e4 e5 2. Nf3 Nf6 3. Nxe5 d6 4. Nf3 Nxe4 5. d4 d5 6. Bd3 Bd6 7. O-O O-O 8.
Nbd2 f5 9. Re1 c5 10. c4 cxd4 11. cxd5 Bb4 12. Qc2 Qb6 13. a3 Nxd2 14. Nxd2
Bxd2 15. Bxd2 Na6 16. Rac1 Bd7 17. Bxa6 bxa6 18. Bb4 Rac8 19. Qd2 Rxc1 20. Rxc1
Rb8 21. Rc5 a5 22. Rxa5 Bb5 23. h4 Re8 24. a4 Re2 25. Rxb5 Rxd2 26. Rxb6 Rd1+
27. Kh2 1-0

[Event "Outaouais op"]
[Site "Gatineau CAN"]
[Date "2006.09.22"]
[Round "1"]
[White "Forget, David"]
[Black "Libersan, Thierry"]
[Result "1/2-1/2"]
[WhiteElo "1905"]
[BlackElo "2103"]
[PlyCount "127"]
[EventDate "2006.09.22"]
[EventType "swiss"]
[EventRounds "5"]
[EventCountry "CAN"]

1. d4 c5 2. d5 e6 3. c4 exd5 4. cxd5 Nf6 5. Nc3 a6 6. a4 g6 7. Nf3 d6 8. Bf4
Bg7 9. Nd2 O-O 10. e4 Nh5 11. Be3 Nd7 12. Be2 Nhf6 13. O-O Re8 14. a5 Qc7 15.
Bf4 Ne5 16. Bxe5 Rxe5 17. Nc4 Re8 18. Nb6 Rb8 19. f3 Nd7 20. Bb5 axb5 21. Nxb5
Qd8 22. Nxc8 Rxc8 23. Nxd6 Bxb2 24. Ra2 Bd4+ 25. Kh1 Ne5 26. Nxe8 Qxe8 27. Qb3
Qe7 28. Rb1 Rc7 29. f4 c4 30. Qg3 Nd3 31. e5 Rd7 32. d6 Qe6 33. Qf3 c3 34. Rc2
Qc4 35. Qf1 Qa6 36. Rd1 Nf2+ 37. Rxf2 Bxf2 38. Qxf2 Qxa5 39. Qe1 c2 40. Rc1
Qxe1+ 41. Rxe1 f6 42. Rc1 fxe5 43. fxe5 Kf7 44. Rxc2 Ke6 45. Rc5 b6 46. Rb5 Ra7
47. h4 Ra5 48. Rxb6 Rxe5 49. d7+ Kxd7 50. Rb7+ Ke6 51. Rxh7 Kf5 52. h5 g5 53.
Rh8 g4 54. Kh2 Re3 55. h6 Kg6 56. Kg1 g3 57. Kf1 Kf7 58. Ra8 Kg6 59. Ra6+ Kh7
60. Rb6 Kh8 61. Rb7 Kg8 62. h7+ Kh8 63. Rc7 Re1+ 64. Kxe1 1/2-1/2

[Event "Outaouais op"]
[Site "Gatineau CAN"]
[Date "2006.09.22"]
[Round "1"]
[White "Gordon, David"]
[Black "Desjardins, Michel"]
[Result "1-0"]
[WhiteElo "2023"]
[BlackElo "1906"]
[PlyCount "57"]
[EventDate "2006.09.22"]
[EventType "swiss"]
[EventRounds "5"]
[EventCountry "CAN"]

1. d4 d5 2. Nf3 c6 3. Bg5 Qb6 4. b3 Bf5 5. e3 Nd7 6. Bd3 Bxd3 7. Qxd3 Ngf6 8.
Nbd2 e6 9. O-O Bd6 10. c4 Qa6 11. e4 dxe4 12. Nxe4 Nxe4 13. Qxe4 O-O 14. c5 Bc7
15. Be7 Nf6 16. Qh4 Rfe8 17. Bxf6 gxf6 18. Qxf6 Bd8 19. Qf4 Qa5 20. Rfe1 Qc7
21. Qh6 f6 22. Re4 Qg7 23. Qh5 Kf8 24. Rae1 Qf7 25. Qh3 Ba5 26. R1e3 f5 27. Ng5
Qg6 28. Nxe6+ Kf7 29. Re5 1-0

[Event "Outaouais op"]
[Site "Gatineau CAN"]
[Date "2006.09.22"]
[Round "1"]
[White "Masse, Hugues"]
[Black "Danikov, Alex"]
[Result "1-0"]
[WhiteElo "2176"]
[BlackElo "1737"]
[PlyCount "63"]
[EventDate "2006.09.22"]
[EventType "swiss"]
[EventRounds "5"]
[EventCountry "CAN"]

1. d4 Nf6 2. c4 e6 3. Nc3 Bb4 4. Qc2 O-O 5. a3 Bxc3+ 6. Qxc3 b5 7. cxb5 c6 8.
Bg5 cxb5 9. e3 Bb7 10. f3 Nc6 11. Bxb5 Rc8 12. Ne2 Ne7 13. Qd2 Nfd5 14. O-O Qb6
15. Bxd7 Rc7 16. Ba4 Rfc8 17. Rfc1 f6 18. Bh4 Ba6 19. Bd1 Bc4 20. e4 Bxe2 21.
Bxe2 Rxc1+ 22. Rxc1 Nc7 23. Bf2 Qb7 24. b4 Rd8 25. Qc3 Ne8 26. Qb3 Qd7 27. Bc4
Nc7 28. Rd1 Kh8 29. Bg3 e5 30. Bf2 Ng6 31. Be3 h5 32. Be2 1-0

[Event "Outaouais op"]
[Site "Gatineau CAN"]
[Date "2006.09.22"]
[Round "1"]
[White "Smilovici, Emil"]
[Black "Gelblum, Robert"]
[Result "0-1"]
[WhiteElo "1923"]
[BlackElo "2167"]
[PlyCount "86"]
[EventDate "2006.09.22"]
[EventType "swiss"]
[EventRounds "5"]
[EventCountry "CAN"]

1. e4 c5 2. c3 Nf6 3. e5 Nd5 4. d4 cxd4 5. cxd4 d6 6. Nf3 Nc6 7. Bc4 Nb6 8. Bb3
dxe5 9. dxe5 Qxd1+ 10. Bxd1 Nc4 11. Ba4 Bd7 12. Bxc6 Bxc6 13. Nbd2 Nxd2 14.
Bxd2 e6 15. O-O Bc5 16. Rac1 Be7 17. Nd4 Bd5 18. Nb5 O-O 19. Nc7 Rad8 20. Nxd5
Rxd5 21. Bc3 Rfd8 22. g3 h6 23. h4 h5 24. Kg2 Kh7 25. Rfe1 Kg6 26. Re4 R8d7 27.
Rce1 Bc5 28. Rc1 Bb6 29. a3 Rc7 30. Rce1 Rd3 31. R1e2 Bc5 32. Re1 Bxa3 33. Ra1
Bc5 34. Rc4 b5 35. Re4 Bb6 36. Rb4 Rd5 37. Rb3 Rc4 38. Ra6 Re4 39. Rba3 Re2 40.
Ba5 Rxf2+ 41. Kh3 Rd1 42. g4 Rh1+ 43. Kg3 Rg1+ 0-1

[Event "Outaouais op"]
[Site "Gatineau CAN"]
[Date "2006.09.22"]
[Round "1"]
[White "Vasily, Ulybin"]
[Black "Xiong, Sonja"]
[Result "1/2-1/2"]
[WhiteElo "1695"]
[BlackElo "1497"]
[PlyCount "92"]
[EventDate "2006.09.22"]
[EventType "swiss"]
[EventRounds "5"]
[EventCountry "CAN"]

1. c4 e5 2. Nc3 Nf6 3. g3 Nc6 4. Bg2 Bc5 5. e3 d6 6. Nge2 Bg4 7. O-O Qd7 8. a3
a6 9. f3 Bh3 10. d4 exd4 11. exd4 Bxg2 12. Kxg2 Ba7 13. Re1 O-O 14. d5 Ne5 15.
b3 Qf5 16. Ng1 Rfe8 17. Ne4 Nxe4 18. Rxe4 Ng6 19. Rxe8+ Rxe8 20. Ra2 h6 21. Re2
Rxe2+ 22. Qxe2 Qb1 23. Be3 Bxe3 24. Qxe3 Qc2+ 25. Ne2 Kf8 26. f4 Ne7 27. Kf3
Nf5 28. Qc3 Qxc3+ 29. Nxc3 Nd4+ 30. Ke3 Nxb3 31. Ne4 Ke7 32. g4 g6 33. h4 b6
34. h5 Na5 35. Kd4 Nb7 36. f5 gxh5 37. f6+ Kf8 38. gxh5 Kg8 39. Ng3 Nc5 40. Ne4
Nxe4 41. Kxe4 Kf8 42. Kd4 Ke8 43. Kc3 Kd7 44. Kb4 c6 45. a4 c5+ 46. Kb3 a5
1/2-1/2

[Event "Outaouais op"]
[Site "Gatineau CAN"]
[Date "2006.09.23"]
[Round "2"]
[White "Fillion, Nicolas"]
[Black "Piche, Guy"]
[Result "0-1"]
[WhiteElo "1647"]
[BlackElo "1588"]
[PlyCount "52"]
[EventDate "2006.09.22"]
[EventType "swiss"]
[EventRounds "5"]
[EventCountry "CAN"]

1. e4 e5 2. Nf3 d6 3. d4 Nf6 4. Nc3 Nbd7 5. Bc4 Be7 6. Bg5 c6 7. Qd2 b5 8. Bb3
b4 9. dxe5 bxc3 10. Qxc3 Nxe5 11. Nxe5 dxe5 12. Qxe5 O-O 13. Rd1 Qe8 14. O-O
Bd8 15. Qd4 Bb6 16. Qd3 Qe5 17. Bxf6 Qxf6 18. c3 Bg4 19. Rde1 Rad8 20. Qg3 Be6
21. Bc2 Rd2 22. e5 Qh6 23. Bb1 Bc4 24. Re4 Bxf1 25. Kxf1 Rxf2+ 26. Kg1 Qc1+ 0-1

[Event "Outaouais op"]
[Site "Gatineau CAN"]
[Date "2006.09.23"]
[Round "2"]
[White "Gelblum, Robert"]
[Black "Pescarus, Radu"]
[Result "0-1"]
[WhiteElo "2167"]
[BlackElo "2002"]
[PlyCount "126"]
[EventDate "2006.09.22"]
[EventType "swiss"]
[EventRounds "5"]
[EventCountry "CAN"]

1. e4 Nf6 2. e5 Nd5 3. d4 d6 4. Nf3 Bg4 5. Be2 e6 6. O-O Be7 7. c4 Nb6 8. exd6
cxd6 9. Nc3 O-O 10. b3 d5 11. c5 N6d7 12. Be3 Nc6 13. a3 Bf6 14. b4 a6 15. Qd2
b6 16. h3 Bxf3 17. Bxf3 bxc5 18. dxc5 Nde5 19. Bf4 Nxf3+ 20. gxf3 Bxc3 21. Qxc3
Qh4 22. Bd6 Qxh3 23. Rfc1 d4 24. Qd3 Rfd8 25. Qe4 Rac8 26. Qg4 Qxg4+ 27. fxg4
Rd7 28. Rab1 Rb7 29. Kf1 e5 30. f3 f6 31. Ke2 Kf7 32. Kd3 Ke6 33. Rh1 h6 34.
Kc4 Na7 35. a4 Rd7 36. Kd3 Kd5 37. Rhc1 Rb7 38. Rc2 Rh8 39. Rh2 Nc8 40. c6 Kxc6
41. Bc5 Kd5 42. Rc2 h5 43. gxh5 Nb6 44. Bxb6 Rxb6 45. Rc7 Rxh5 46. a5 Rc6 47.
Rd7+ Ke6 48. Rxg7 Rc3+ 49. Ke2 Rh2+ 50. Kf1 Rh1+ 51. Rg1 Rxf3+ 52. Kg2 Rxg1+
53. Kxg1 Ra3 54. b5 axb5 55. Rxb5 Ra2 56. Rb7 Kf5 57. a6 d3 58. Kf1 e4 59. Ke1
e3 60. Rb1 Rxa6 61. Kf1 Ra2 62. Ke1 Rh2 63. Rb5+ Kf4 0-1

[Event "Outaouais op"]
[Site "Gatineau CAN"]
[Date "2006.09.23"]
[Round "2"]
[White "Giroux, Robert"]
[Black "Djerkovic, Miladin"]
[Result "0-1"]
[WhiteElo "1811"]
[BlackElo "2325"]
[PlyCount "56"]
[EventDate "2006.09.22"]
[EventType "swiss"]
[EventRounds "5"]
[EventCountry "CAN"]

1. d4 Nf6 2. c4 e6 3. Nf3 b6 4. g3 Bb7 5. Bg2 Be7 6. O-O O-O 7. b3 c5 8. Bb2 d5
9. Nbd2 Nbd7 10. Rc1 Rc8 11. Ne5 cxd4 12. Bxd4 Ba3 13. Rc2 Qc7 14. Nxd7 Nxd7
15. Bb2 Bxb2 16. Rxb2 d4 17. Nf3 e5 18. Rd2 Nf6 19. Ne1 Bxg2 20. Nxg2 Rcd8 21.
Qc2 Qc6 22. e3 Ne4 23. Rdd1 Ng5 24. exd4 Nf3+ 25. Kh1 exd4 26. Qf5 Rfe8 27. Rd3
Ne1 28. f3 g6 0-1